Amun temples in Nubia : a typological study of New Kingdom, Napatan and Meroitic temples /
محفوظ في:
المؤلف الرئيسي:
التنسيق: كتاب
اللغة: English
منشور في:
Oxford :
Archaeopress,
2008.
سلاسل:
BAR International Series ;
1850.
الموضوعات:
الوسوم: إضافة وسم
لا توجد وسوم, كن أول من يضع وسما على هذه التسجيلة!
رقم الطلب: DT159.6 .N83 R4
| LEADER | 00987nam a22002777a 4500 | ||
|---|---|---|---|
| 003 | OSt | ||
| 005 | 20260419113900.0 | ||
| 008 | 260419t2008 enkab b 001 0 eng d | ||
| 020 | |a 9781407303376 | ||
| 040 | |c ARCE Library | ||
| 043 | |a f-ua--- |a f-sj--- | ||
| 050 | 1 | 4 | |a DT159.6 .N83 |b R4 |
| 100 | 1 | |a Rocheleau, Caroline M. |q (Caroline Michelle), |d 1972- |e author |9 38580 | |
| 245 | 1 | 0 | |a Amun temples in Nubia : |b a typological study of New Kingdom, Napatan and Meroitic temples / |c Caroline M. Rocheleau. |
| 264 | 1 | |a Oxford : |b Archaeopress, |c 2008. | |
| 300 | |a ix, 96 pages : |b illustrations, maps ; |c 30 cm. | ||
| 490 | 1 | |a BAR International Series ; |v 1850. | |
| 504 | |a Includes bibliographical references (pages 86-93) and index. | ||
| 600 | 0 | 0 | |a Amon |c (Egyptian deity) |
| 650 | 0 | |a Temples |z Nubia. | |
| 650 | 0 | |a Excavations (Archaeology) |z Nubia. | |
| 651 | 0 | |a Nubia |x Antiquities. | |
| 830 | 0 | |a BAR International Series ; |v 1850. | |
| 901 | |a reviewed | ||
| 942 | |c BK |2 lcc | ||
| 999 | |c 14999 |d 14999 | ||
